Электронные источники с плазменным эмиттером для термической обработки материалов; Вестник Академии наук СССР; № 6

Bibliographische Detailangaben
Parent link:Вестник Академии наук СССР/ Академия наук СССР (АН СССР).— , 1931-1992
№ 6.— 1990.— С. 103-112
1. Verfasser: Месяц Г. А. Геннадий Андреевич
Weitere Verfasser: Крейндель Ю. Е. Юлий Ефимович
Sprache:Russisch
Veröffentlicht: 1990
Schlagworte:
Format: MixedMaterials Buchkapitel
KOHA link:https://koha.lib.tpu.ru/cgi-bin/koha/opac-detail.pl?biblionumber=453320

MARC

LEADER 00000naa2a2200000 4500
001 453320
005 20231101083926.0
035 |a (RuTPU)RU\TPU\prd\115832 
090 |a 453320 
100 |a 20110712a1990 k y0rusy50 ca 
101 0 |a rus 
102 |a RU 
200 1 |a Электронные источники с плазменным эмиттером для термической обработки материалов  |f Г. А. Месяц, Ю. Е. Крейндель 
320 |a Библиогр.: с. 111-112 (6 назв.) 
461 0 |0 (RuTPU)RU\TPU\prd\89  |t Вестник Академии наук СССР  |f Академия наук СССР (АН СССР)  |d 1931-1992 
463 0 |0 (RuTPU)RU\TPU\prd\115490  |t № 6  |v С. 103-112  |d 1990 
610 1 |a труды учёных ТПУ 
700 1 |a Месяц  |b Г. А.  |c российский физик  |c академик, вице-президент РАН  |c выпускник Томского политехнического института  |f 1936-  |g Геннадий Андреевич  |2 stltpush  |3 (RuTPU)RU\TPU\pers\17099 
701 1 |a Крейндель  |b Ю. Е.  |c российский физик  |c профессор ТУСУРа  |f ?-1991  |g Юлий Ефимович  |2 stltpush  |3 (RuTPU)RU\TPU\pers\7864  |4 070 
801 1 |a RU  |b 63413507  |c 20110712 
942 |c BK